000 00444ntaaa2200181 4500
003 01
005 20251027201952.0
008 0714s1973 ag 01
040 _aAR-BaBN
_bspa
_cAR-BaBN
_eaacr
_dRIC
082 _a254.0000 G19
100 _aGarrett, Willis O.
_918235
245 _aChurch Usher's manual
250 _a1 ed. :
_bF. H. revell,
_cC/924
300 _a63 p.
650 _aPortero-Iglesia
650 _aIglesia-Portero
942 _cBK
999 _c14432
_d14432